| 000 | 00677nam a22001937a 4500 | ||
|---|---|---|---|
| 008 | 160527b xxu||||| |||| 00| 0 eng d | ||
| 020 | _a0340759135 | ||
| 082 |
_22003 _aDC 610.73599 _bP88 |
||
| 245 |
_aPractice development in community nursing: _bprinciples and processes/ _cedited by Rosamund M. Bryar and Jane M. Griffiths. |
||
| 260 |
_aLondon: _bArnold Publishers, _cc2003. |
||
| 300 |
_axii, 256 pages: _billustrations; _c23 cm. |
||
| 500 | _aIncludes index. | ||
| 650 | 0 |
_99338 _aNursing |
|
| 650 | 0 |
_99339 _aNursing Process |
|
| 700 |
_99342 _aBryar, Rosamund M. _eEditor |
||
| 700 |
_99344 _aGriffiths, Jane M. _eEditor |
||
| 365 |
_b1, 598.00 _cPhp |
||
| 942 |
_2ddc _cDC |
||
| 999 |
_c2816 _d2816 |
||